| 000 | 01937cam a22003617a 4500 | ||
|---|---|---|---|
| 999 |
_c7045 _d7045 |
||
| 001 | 14394598 | ||
| 003 | OSt | ||
| 005 | 20210830135557.0 | ||
| 008 | 010108s2000 enka b 001 0 eng d | ||
| 010 | _a 2006404943 | ||
| 015 | _aGBA1-04274 | ||
| 016 | 7 |
_a101091672 _2DNLM |
|
| 020 | _a0854046062 | ||
| 035 | _a(OCoLC)ocm45683002 | ||
| 040 |
_aNLM _cDDC _dUKM _dTXA _dAGL _dKUM _dVAM _dGZM _dCGU _dLVB _dOCLCQ _dBAKER _dPAY _dDLC |
||
| 050 | 0 | 0 |
_aQH506 _b.M6614 2000 |
| 060 | 0 | 0 | _a2001 D-764 |
| 072 | 0 | _aX300 | |
| 082 | 0 | 4 | _a572.8MOL2000 |
| 100 |
_aWalker.J.M,Rapley.R; _914486 |
||
| 245 | 0 | 0 |
_aMolecular biology and biotechnology. _cEdited by Walker.J.M,Rapley.R |
| 260 |
_aCambridge : _bRoyal Society of Chemistry, _c2000. |
||
| 300 |
_axxiv, 563 p. : _bill. ; _c24 cm. |
||
| 504 | _aIncludes; index. | ||
| 505 | 0 | _aCh. 1. Fermentation technology -- Ch. 2. Molecular analysis and application techniques -- Ch. 3. Recombinanat DNA technology -- Ch. 4. The expression of foreign DNA in bacteria -- Ch. 5. Yeast cloning and biotechnology -- Ch. 6. Cloning genes in mammalian cell-lines -- Ch. 7. Plant biotechnology -- Ch. 8. Molecular, structural and chemical biology in pharmaceutical research -- Ch. 9. Genetically modified foods -- Ch. 10. Molecular diagnosis of inherited disease -- Ch. 11. DNA in forensic science -- Ch. 12. Vaccination and gene manipulation -- Ch. 13. Transgenesis -- Ch. 14. Protein engineering -- Ch. 15. Bioinformatics -- Ch. 16. Immobilization of biocatalysts -- Ch. 17. Downstream processing: protein extraction and purification -- Ch. 18. Monoclonal antibodies -- Ch. 19. Biosensors. | |
| 650 | 0 |
_aMolecular biology. _98420 |
|
| 650 | 0 |
_aBiology _95602 |
|
| 700 | 1 |
_aWalker, John M., _d1948- _914488 |
|
| 700 | 1 |
_aRapley, Ralph. _914490 |
|
| 906 |
_a7 _bcbc _ccopycat _d2 _encip _f20 _gy-gencatlg |
||
| 942 |
_2ddc _cO_SHELF |
||